<?xml version="1.0" encoding="UTF-8"?>
<record
    xmlns:xsi="http://www.w3.org/2001/XMLSchema-instance"
    xsi:schemaLocation="http://www.loc.gov/MARC21/slim http://www.loc.gov/standards/marcxml/schema/MARC21slim.xsd"
    xmlns="http://www.loc.gov/MARC21/slim">

  <leader>02275cam a22004698a 4500</leader>
  <controlfield tag="001">15234925</controlfield>
  <controlfield tag="005">20150817151022.0</controlfield>
  <controlfield tag="006">m||||f ||z| 00| 0</controlfield>
  <controlfield tag="008">080326t2009    mdua   frb    001 0 eng d</controlfield>
  <datafield tag="010" ind1=" " ind2=" ">
    <subfield code="a">2008013977</subfield>
  </datafield>
  <datafield tag="020" ind1=" " ind2=" ">
    <subfield code="a">0781790735</subfield>
  </datafield>
  <datafield tag="020" ind1=" " ind2=" ">
    <subfield code="a">9780781790734 (pbk.)</subfield>
  </datafield>
  <datafield tag="035" ind1=" " ind2=" ">
    <subfield code="a">(DNLM)101469798</subfield>
  </datafield>
  <datafield tag="040" ind1=" " ind2=" ">
    <subfield code="a">DNLM/DLC</subfield>
    <subfield code="c">DLC</subfield>
    <subfield code="d">DLC</subfield>
    <subfield code="b">eng</subfield>
  </datafield>
  <datafield tag="042" ind1=" " ind2=" ">
    <subfield code="a">pcc</subfield>
  </datafield>
  <datafield tag="050" ind1="0" ind2="0">
    <subfield code="a">QP34.5</subfield>
    <subfield code="b">.M48 2009</subfield>
  </datafield>
  <datafield tag="060" ind1="1" ind2="0">
    <subfield code="a">QT 104</subfield>
    <subfield code="b">C678m 2009</subfield>
  </datafield>
  <datafield tag="082" ind1="0" ind2="4">
    <subfield code="a">612</subfield>
    <subfield code="2">22</subfield>
    <subfield code="b">COH </subfield>
  </datafield>
  <datafield tag="100" ind1="1" ind2=" ">
    <subfield code="a">Cohen, Barbara J.</subfield>
    <subfield code="9">3801</subfield>
  </datafield>
  <datafield tag="245" ind1="1" ind2="0">
    <subfield code="a">Memmler's The Human Body in Health and Disease/</subfield>
    <subfield code="c">Barbara Janson Cohen; Jason James Taylor (contributor)</subfield>
  </datafield>
  <datafield tag="246" ind1="3" ind2="0">
    <subfield code="a">Human body in health and disease</subfield>
  </datafield>
  <datafield tag="250" ind1=" " ind2=" ">
    <subfield code="a">11th ed.</subfield>
  </datafield>
  <datafield tag="260" ind1=" " ind2=" ">
    <subfield code="a">Baltimore, Maryland :</subfield>
    <subfield code="b">Lippincott William &amp; Wilkins,</subfield>
    <subfield code="c">c. 2009.</subfield>
  </datafield>
  <datafield tag="263" ind1=" " ind2=" ">
    <subfield code="a">0809</subfield>
  </datafield>
  <datafield tag="300" ind1=" " ind2=" ">
    <subfield code="a">xxxiv, 617p. ;</subfield>
    <subfield code="b">ill. ;</subfield>
    <subfield code="c">27 cm. +</subfield>
    <subfield code="e">1 DVD</subfield>
  </datafield>
  <datafield tag="500" ind1=" " ind2=" ">
    <subfield code="a">Index: p. 597-617</subfield>
  </datafield>
  <datafield tag="504" ind1=" " ind2=" ">
    <subfield code="a">Includes bibliographical references.</subfield>
  </datafield>
  <datafield tag="505" ind1="0" ind2=" ">
    <subfield code="a">Organization of the human body -- Chemistry, matter, and life -- Cells and their functions -- Tissues, glands, and membranes -- Disease and disease-producing organisms -- The skin in health and disease -- The skeleton: bones and joints -- The nervous system: the spinal cord and spinal nerves -- The nervous system: the brain and cranial nerves -- The sensory system -- The endocrine system: glands and hormones -- The blood -- The heart and heart disease -- Blood vessels and blood circulation -- The lymphatic system and lymphoid tissue -- Body defenses, immunity, and vaccines -- The respiratory system -- The digestive system -- Metabolism, nutrition, and body temperature -- Body fluids -- The urinary system -- The male and female reproductive systems -- Development and birth -- Heredity and hereditary diseases.</subfield>
  </datafield>
  <datafield tag="590" ind1=" " ind2=" ">
    <subfield code="a">Mohame Hussein</subfield>
  </datafield>
  <datafield tag="650" ind1=" " ind2="0">
    <subfield code="a">Human physiology.</subfield>
    <subfield code="9">3802</subfield>
    <subfield code="2">BUEsh</subfield>
  </datafield>
  <datafield tag="650" ind1=" " ind2="0">
    <subfield code="a">Physiology, Pathological.</subfield>
    <subfield code="9">3803</subfield>
    <subfield code="2">BUEsh</subfield>
  </datafield>
  <datafield tag="650" ind1=" " ind2="0">
    <subfield code="a">Human anatomy.</subfield>
    <subfield code="9">3804</subfield>
    <subfield code="2">BUEsh</subfield>
  </datafield>
  <datafield tag="650" ind1="1" ind2="2">
    <subfield code="a">Physiology.</subfield>
    <subfield code="9">3805</subfield>
    <subfield code="2">BUEsh</subfield>
  </datafield>
  <datafield tag="650" ind1="2" ind2="2">
    <subfield code="a">Anatomy.</subfield>
    <subfield code="9">3806</subfield>
    <subfield code="2">BUEsh</subfield>
  </datafield>
  <datafield tag="650" ind1="2" ind2="2">
    <subfield code="a">Pathology.</subfield>
    <subfield code="9">3807</subfield>
    <subfield code="2">BUEsh</subfield>
  </datafield>
  <datafield tag="651" ind1=" " ind2=" ">
    <subfield code="2">BUEsh</subfield>
  </datafield>
  <datafield tag="653" ind1=" " ind2=" ">
    <subfield code="b">NNUR</subfield>
    <subfield code="c">August2015</subfield>
  </datafield>
  <datafield tag="700" ind1="1" ind2=" ">
    <subfield code="a">Taylor, Jason J.</subfield>
    <subfield code="9">3808</subfield>
  </datafield>
  <datafield tag="700" ind1="1" ind2=" ">
    <subfield code="a">Memmler, Ruth Lundeen.</subfield>
    <subfield code="9">3809</subfield>
  </datafield>
  <datafield tag="942" ind1=" " ind2=" ">
    <subfield code="2">ddc</subfield>
    <subfield code="c">NRB</subfield>
  </datafield>
  <datafield tag="999" ind1=" " ind2=" ">
    <subfield code="c">10935</subfield>
    <subfield code="d">10935</subfield>
  </datafield>
  <datafield tag="952" ind1=" " ind2=" ">
    <subfield code="0">0</subfield>
    <subfield code="1">0</subfield>
    <subfield code="2">ddc</subfield>
    <subfield code="4">0</subfield>
    <subfield code="7">0</subfield>
    <subfield code="8">Baccah</subfield>
    <subfield code="a">MAIN</subfield>
    <subfield code="b">MAIN</subfield>
    <subfield code="c">1ST</subfield>
    <subfield code="d">2009-02-23</subfield>
    <subfield code="e">purchase</subfield>
    <subfield code="g">192.00</subfield>
    <subfield code="h">6996</subfield>
    <subfield code="l">14</subfield>
    <subfield code="m">19</subfield>
    <subfield code="o">612 COH</subfield>
    <subfield code="p">000014943</subfield>
    <subfield code="r">2025-07-15 00:00:00</subfield>
    <subfield code="s">2022-10-18</subfield>
    <subfield code="y">BB</subfield>
  </datafield>
  <datafield tag="952" ind1=" " ind2=" ">
    <subfield code="0">0</subfield>
    <subfield code="1">0</subfield>
    <subfield code="2">ddc</subfield>
    <subfield code="3">Lost In Inventory_2005-2015/8/22</subfield>
    <subfield code="4">0</subfield>
    <subfield code="7">0</subfield>
    <subfield code="8">Baccah</subfield>
    <subfield code="a">MAIN</subfield>
    <subfield code="b">MAIN</subfield>
    <subfield code="c">1ST</subfield>
    <subfield code="d">2009-02-23</subfield>
    <subfield code="e">purchase</subfield>
    <subfield code="g">192.00</subfield>
    <subfield code="h">6996</subfield>
    <subfield code="l">7</subfield>
    <subfield code="m">6</subfield>
    <subfield code="o">612 COH</subfield>
    <subfield code="p">000014944</subfield>
    <subfield code="r">2020-03-02 00:00:00</subfield>
    <subfield code="s">2012-03-07</subfield>
    <subfield code="y">BB</subfield>
  </datafield>
  <datafield tag="952" ind1=" " ind2=" ">
    <subfield code="0">0</subfield>
    <subfield code="1">0</subfield>
    <subfield code="2">ddc</subfield>
    <subfield code="4">0</subfield>
    <subfield code="7">0</subfield>
    <subfield code="8">Baccah</subfield>
    <subfield code="a">MAIN</subfield>
    <subfield code="b">MAIN</subfield>
    <subfield code="c">1ST</subfield>
    <subfield code="d">2009-07-15</subfield>
    <subfield code="e">purchase</subfield>
    <subfield code="h">6996</subfield>
    <subfield code="l">5</subfield>
    <subfield code="o">612 COH </subfield>
    <subfield code="p">000015549</subfield>
    <subfield code="r">2022-08-24 00:00:00</subfield>
    <subfield code="s">2010-09-27</subfield>
    <subfield code="y">CDVDWBB</subfield>
  </datafield>
  <datafield tag="952" ind1=" " ind2=" ">
    <subfield code="0">0</subfield>
    <subfield code="1">0</subfield>
    <subfield code="2">ddc</subfield>
    <subfield code="4">0</subfield>
    <subfield code="7">0</subfield>
    <subfield code="8">Baccah</subfield>
    <subfield code="a">MAIN</subfield>
    <subfield code="b">MAIN</subfield>
    <subfield code="c">1ST</subfield>
    <subfield code="d">2009-11-05</subfield>
    <subfield code="e">purchase</subfield>
    <subfield code="l">6</subfield>
    <subfield code="m">2</subfield>
    <subfield code="o">612 COH </subfield>
    <subfield code="p">000022393</subfield>
    <subfield code="r">2022-08-24 00:00:00</subfield>
    <subfield code="s">2013-09-23</subfield>
    <subfield code="y">CDVDWBB</subfield>
  </datafield>
</record>
